Eyes on the universe : (Record no. 464)

MARC details
000 -LEADER
fixed length control field 00628cam a2200229 i 4500
005 - DATE AND TIME OF LATEST TRANSACTION
control field 20260322212021.0
008 - FIXED-LENGTH DATA ELEMENTS--GENERAL INFORMATION
fixed length control field data
010 ## - LIBRARY OF CONGRESS CONTROL NUMBER
LC control number 75015830
020 ## - INTERNATIONAL STANDARD BOOK NUMBER
International Standard Book Number 0395207169
020 ## - INTERNATIONAL STANDARD BOOK NUMBER
International Standard Book Number 9780395207161
040 ## - CATALOGING SOURCE
Original cataloging agency DLC
Transcribing agency DLC
Modifying agency DLC
050 00 - LIBRARY OF CONGRESS CALL NUMBER
Classification number QB88
Item number .A76
082 00 - DEWEY DECIMAL CLASSIFICATION NUMBER
Classification number 522/.2/09
092 ## - LOCALLY ASSIGNED DEWEY CALL NUMBER (OCLC)
Classification number 522.2 A76 1975
001 - CONTROL NUMBER
control field data
100 1# - MAIN ENTRY--PERSONAL NAME
Personal name Asimov, Isaac,
Dates associated with a name 1920-1992.
245 10 - TITLE STATEMENT
Title Eyes on the universe :
Remainder of title a history of the telescope /
Statement of responsibility, etc. Isaac Asimov.
260 ## - PUBLICATION, DISTRIBUTION, ETC.
Place of publication, distribution, etc. Boston :
Name of publisher, distributor, etc. Houghton Mifflin,
Date of publication, distribution, etc. 1975.
300 ## - PHYSICAL DESCRIPTION
Extent ix, 274 p., [8] leaves of plates :
Other physical details ill. ;
Dimensions 24 cm.
500 ## - GENERAL NOTE
General note Includes index.
650 #0 - SUBJECT ADDED ENTRY--TOPICAL TERM
Topical term or geographic name entry element Telescopes
General subdivision History.
Holdings
Withdrawn status Lost status Damaged status Not for loan Home library Current library Shelving location Date acquired Total checkouts Full call number Barcode Date last seen Price effective from Koha item type
        Riverside Riverside General stacks 22/03/2026   522/.2/09 BC0010475 22/03/2026 22/03/2026 Books